Rappeur français avec un titre 4 - Statistiques

Statistiques générales
  • Ce quiz a été pris 1 148 fois
  • Le résultat moyen est 8 sur 15
Statistiques - réponses
Titre Rappeur % Correct
Tchikita JUL
97%
Médicament (ft Booba) Niska
90%
Un peu de haine PLK
88%
Celine 3X Gazo
83%
Mon p'tit loup Sofian
73%
DA PNL
70%
Paradise (ft Lomepal) Lefa
51%
Du propre Orelsan
48%
Si j'savais Tiakola
40%
Pas de reine (ft Vald) Koba lad
37%
Rodé So la Lune
37%
Drole de question (ft le motel) Romeo Elvis
21%
Sur la lune Bigflo & Oli
15%
Elle sait Kik
7%
Favela Zola
2%
Aucun quiz correspondant
Distribution des résultats
% des personnes avec chaque résultat
Percentile par nombre de réponses
Votre historique - résultats
Vous n’avez pas pris ce quiz